Statistics for Minnesota Wild Roster 2022

Click here to take the quiz!

General Stats

  • This quiz has been taken 520 times
    (217 since last reset)
  • The average score is 14 of 23

Answer Stats

Pos, #BirthplacePlayer% Correct
F, 97Kuzbass, RUSKirill Kaprizov
98%
F, 36Østlandet, NORMats Zuccarello
93%
G, 29Quebec, CANMarc-André Fleury
88%
D, 46Alberta, CANJared Spurgeon
86%
F, 14Värmland, SWEJoel Eriksson Ek
82%
D, 24Saskatchewan, CANMatt Dumba
80%
F, 12Massachusetts, USAMatthew Boldy
75%
F, 17New York, USAMarcus Foligno
73%
D, 25Värmland, SWEJonas Brodin
70%
F, 38South Carolina, USARyan Hartman
66%
F, 89Quebec, CANFrédérick Gaudreau
63%
G, 32Västerbotten, SWEFilip Gustavsson
61%
F, 18New York, USAJordan Greenway
60%
F, 23Vorarlberg, AUTMarco Rossi
55%
D, 5Ontario, CANJacob Middleton
51%
F, 21Florida, USABrandon Duhaime
49%
F, 13Alberta, CANSam Steel
40%
D, 47Minnesota, USAAlex Goligoski
39%
D, 59Manitoba, CANCalen Addison
38%
F, 52Minnesota, USAConnor Dewar
37%
F, 10Alberta, CANTyson Jost
29%
F, 58Alberta, CANMason Shaw
26%
D, 59Plzeň, CZEAndrej Šustr
13%

Score Distribution

Percentile by Number Answered

Percent of People with Each Score

Your Score History

You have not taken this quiz since the last reset